000 00339nam a22001337a 4500
003 OSt
005 20231128161803.0
008 231128b |||||||| |||| 00| 0 eng d
040 _cCO-JMCR
082 _aC /
_bBALa
100 _aBalzola Asun
_eautor
_943006
245 _aGuillermo, ratòn de biblioteca /
_cAsun Balzola
942 _2ddc
_cBK
999 _c30427
_d16811